Le gardien de chaque équipe de Ligue 1 - 2024-2025 - Statistiques

Statistiques générales
  • Ce quiz a été pris 110 fois
  • Le résultat moyen est 12 sur 18
Statistiques - réponses
Hint Réponse % Correct
PSG Donnarumma
99%
Losc Chevalier
90%
Rennes Samba
89%
OM Rulli
85%
Lyon Perri
78%
Nantes Lafont
77%
Nice Bulka
71%
Brest Bizot
68%
Saint-Etienne Larsonneur
68%
Toulouse Restes
66%
Montpellier Lecomte
65%
Reims Diouf
49%
Auxerre Léon
45%
Angers Fofana
43%
Lens Lopez
43%
Strasbourg Petrovic
42%
Monaco Majecki
41%
Le Havre Desmas
34%
Aucun quiz correspondant
Distribution des résultats
% des personnes avec chaque résultat
Percentile par nombre de réponses
Votre historique - résultats
Vous n’avez pas pris ce quiz